Effect Of Mechanical Neck Pain With Forward Head Posture On Scapula Position Neck Disability and Quality Of Life in School Teachers In New Delhi (Record no. 26467)

MARC details
000 -LEADER
fixed length control field 00434nam a22001457a 4500
003 - CONTROL NUMBER IDENTIFIER
control field SGT
082 ## - DEWEY DECIMAL CLASSIFICATION NUMBER
Classification number 617.84
Item number E22K
100 ## - MAIN ENTRY--PERSONAL NAME
Personal name KATARIA, JYOTI
245 ## - TITLE STATEMENT
Title Effect Of Mechanical Neck Pain With Forward Head Posture On Scapula Position Neck Disability and Quality Of Life in School Teachers In New Delhi
260 ## - PUBLICATION, DISTRIBUTION, ETC. (IMPRINT)
Place of publication, distribution, etc GURUGRAM
Name of publisher, distributor, etc SGT UNIVERSITY
Year of Publication 2022
300 ## - PAGE DESCRIPTION
No. of Pages 141
650 ## - SUBJECT ADDED ENTRY--TOPICAL TERM
Topical term or geographic name as entry element PHYSIOTHERAPY
653 ## - KEYWORDS--INDEX TERM
Keyword term PHD
942 ## - ADDED ENTRY ELEMENTS (KOHA)
Source of classification or shelving scheme Dewey Decimal Classification
Koha item type Thesis/Dissertation
Holdings
Withdrawn status Lost status Source of classification or shelving scheme Damaged status Not for loan Collection code Home library Current library Shelving location Date acquired Total Checkouts Full call number Accession No. (Barcode) Date last seen Bill Date Koha item type
    Dewey Decimal Classification   Not For Loan MEDICAL SGT Medical Library SGT Medical Library Reference Book 18/06/2024   617.84 E22K DT1628 18/06/2024 18/06/2024 Thesis/Dissertation